| 000 | 00699nam a22001931 4500 | ||
|---|---|---|---|
| 001 | 4527177 | ||
| 005 | 20180314050218.0 | ||
| 008 | 830921s1934 enk d 000 0 eng | ||
| 010 | _a 35008902 | ||
| 040 |
_aDLC/ICU _cICU _dDLC |
||
| 041 | 0 | _aengfregerdut | |
| 080 | _a630.3 | ||
| 082 | 0 | 0 | _a630.3 BEZ |
| 100 | 1 | _a24 | |
| 101 | _aFJA | ||
| 245 | 1 | 0 |
_aDictionary of terms relating to agriculture, horticulture, forestry, cattle breeding, dairy industry and apiculture in English, French, German and Dutch; _ccompiled by T.J. Bezemer with the collaboration of Prof. Dr. H.A.J.M. Beekman; Mr. Jan Boeke ... [and others]. |
| 906 |
_a7 _bcbc _corignew _du _eocip _f19 _gy-gencatlg |
||
| 942 |
_2ddc _cBK |
||
| 999 |
_c44966 _d44966 |
||